| 000 | 00917nam a2200217Ia 4500 | ||
|---|---|---|---|
| 003 | Ost | ||
| 005 | 20260507075644.0 | ||
| 008 | 260507s9999||||xx |||||||||||||| ||und|| | ||
| 020 | _a1086323977 | ||
| 040 | _cfsecg | ||
| 041 | _aara | ||
| 082 | _a347.09026 | ||
| 100 |
_aعمر، نبيل اسماعيل _eمؤلف |
||
| 245 | 0 |
_aالتحكيم في المواد المدنية والتجارية الوطنية والدولية : _bاتفاق التحكيم، خصومة التحكيم، حكم المحكم / _c نبيل اسماعيل عمر |
|
| 260 |
_aالإسكندرية: _bدار الجامعة الجديدة, _c2004 |
||
| 300 |
_a320 صفحة؛ _bإيضاحات ؛ _c24 سم |
||
| 520 | _aالإتفاق على التحكيم، خصومة التحكيم، النظام القانوني لحكم المحكم | ||
| 653 | _aالتحكيم | ||
| 653 | _aالقانون المدني | ||
| 942 | _cكتاب | ||
| 999 |
_c45454 _d45454 |
||